000
00291nam a22000977a 4500
999
_c
11160
_d
11160
008
180927b ||||| |||| 00| 0 eng d
020
_a
9789351550259
100
_a
Bhatnagar A. K
_9
6922
245
_a
Psychology XII
_b
with case studies & practicals
260
_a
New Delhi
_b
Full Marks. Pvt Ltd
_c
2018